Online
Catalog

Pintura - peinture - paintings / (Record no. 56882)

MARC details
000 -CABECERA
campo de control de longitud fija 01493nam a2200373 i 4500
003 - IDENTIFICADOR DEL NÚMERO DE CONTROL
campo de control DO-SdBNP
005 - FECHA Y HORA DE LA ÚLTIMA TRANSACCIÓN
campo de control 20240619082526.0
006 - CÓDIGOS DE INFORMACIÓN DE LONGITUD FIJA--CARACTERÍSTICAS DEL MATERIAL ADICIONAL
campo de control de longitud fija a||||gr|||| 00| 0
007 - CAMPO FIJO DE DESCRIPCIÓN FÍSICA--INFORMACIÓN GENERAL
campo de control de longitud fija ta
008 - DATOS DE LONGITUD FIJA--INFORMACIÓN GENERAL
campo de control de longitud fija 240618b dr ao||| |||| 00| 0 spa d
020 ## - NÚMERO INTERNACIONAL ESTÁNDAR DEL LIBRO
Número Internacional Estándar del Libro 0965065022
040 ## - FUENTE DE LA CATALOGACIÓN
Centro catalogador/agencia de origen DO-SdBNP
Lengua de catalogación spa
Centro/agencia transcriptor BNPHU
Normas de descripción rda
041 1# - CÓDIGO DE LENGUA
Código de lengua original spa, fre, eng.
082 #4 - NÚMERO DE LA CLASIFICACIÓN DECIMAL DEWEY
Número de edición 22
Número de documento/Ítem C723p
100 ## - ENTRADA PRINCIPAL--NOMBRE DE PERSONA
Nombre de persona Colson, Jaime,
Fechas asociadas al nombre 1901-1975
9 (RLIN) 37723
245 10 - MENCIÓN DE TÍTULO
Título Pintura - peinture - paintings /
Mención de responsabilidad, etc. Jaime Colson; editor, Irán O. Rey; fotografía, Manuel López; traductores, julia R. Yobst, Marianne de Tolentino, Yvonne Bellion; prefacio, Juan José Bellapart.
264 #4 - PRODUCCIÓN, PUBLICACIÓN, DISTRIBUCIÓN, FABRICACIÓN Y COPYRIGHT
Producción, publicación, distribución, fabricación y copyright Ponce de León, Florida :
Nombre del de productor, editor, distribuidor, fabricante Palette,
Fecha de producción, publicación, distribución, fabricación o copyright ©1996
300 ## - DESCRIPCIÓN FÍSICA
Extensión 110 páginas :
Otras características físicas ilustraciones, fotografías ;
Dimensiones 31 cm.
336 ## - TIPO DE CONTENIDO
Fuente rdacontent
Término de tipo de contenido texto
Código de tipo de contenido txt
337 ## - TIPO DE MEDIO
Fuente rdamedia
Nombre/término del tipo de medio sin mediación
Código del tipo de medio n
338 ## - TIPO DE SOPORTE
Fuente rdacarrier
Nombre/término del tipo de soporte volumen
Código del tipo de soporte nc
500 ## - NOTA GENERAL
Nota general Incluye datos biográficos del autor en las solapas de las contracubiertas.
500 ## - NOTA GENERAL
Nota general Incluye pie de fotos
546 ## - NOTA DE LENGUA/LENGUAJE
Nota de lengua/lenguaje Traducido en tres idiomas, españo, inglés y francés.
590 ## - NOTA LOCAL (RLIN)
Nota local Inventariado 2024 / MF
600 #4 - PUNTO DE ACCESO ADICIONAL DE MATERIA--NOMBRE DE PERSONA
Nombre de persona Colson, Jaime,
Fechas asociadas al nombre 1901-1975
9 (RLIN) 37723
Título de la obra Pinturas
700 1# - PUNTO DE ACCESO ADICIONAL--NOMBRE DE PERSONA
Nombre de persona Rey, Irán O.,
Término indicativo de función/relación editor
9 (RLIN) 85705
700 1# - PUNTO DE ACCESO ADICIONAL--NOMBRE DE PERSONA
Nombre de persona Bellapart, Juan José
Término indicativo de función/relación prólogo
9 (RLIN) 82782
700 1# - PUNTO DE ACCESO ADICIONAL--NOMBRE DE PERSONA
Nombre de persona Yobst, Julia R.,
Término indicativo de función/relación traductor
9 (RLIN) 85706
700 1# - PUNTO DE ACCESO ADICIONAL--NOMBRE DE PERSONA
Nombre de persona Tolentino, Marianne de,
Fechas asociadas al nombre 1951-
9 (RLIN) 73333
Término indicativo de función/relación traductora
700 1# - PUNTO DE ACCESO ADICIONAL--NOMBRE DE PERSONA
Nombre de persona Bellion, Yvonne,
Término indicativo de función/relación traductor
9 (RLIN) 82126
700 1# - PUNTO DE ACCESO ADICIONAL--NOMBRE DE PERSONA
Nombre de persona López, Manuel,
9 (RLIN) 69872
Término indicativo de función/relación fotógrafo
942 ## - ELEMENTOS DE PUNTO DE ACCESO ADICIONAL (KOHA)
Fuente del sistema de clasificación o colocación Dewey Decimal Classification
Tipo de ítem Koha Libro
Holdings
Estado de retiro Estado de pérdida Fuente del sistema de clasificación o colocación Restricciones de uso No para préstamo Código de colección Localización permanente Ubicación/localización actual Ubicación en estantería Fecha de adquisición Fuente de adquisición Total de préstamos Signatura topográfica completa Código de barras Fecha visto por última vez Precio válido a partir de Tipo de ítem Koha
    Dewey Decimal Classification Préstamo en sala   General Biblioteca Nacional Pedro Henríquez Ureña Biblioteca Nacional Pedro Henríquez Ureña En catalogación 02.11.2021 Donado por Wilfredo Alemani   C723p 2024-3577 18.06.2024 18.06.2024 Libro

Powered by Koha